| Tag |
First Indicator |
Second Indicator |
Subfields |
| LEADER |
00000cgm a2200000Ia 4500 |
| 001 |
in00002716632 |
| 005 |
20151202143053.0 |
| 007 |
vd cvaizq |
| 008 |
110526s2011 cau963 vleng d |
| 020 |
|
|
|a 0780671546
|
| 020 |
|
|
|a 9780780671546
|
| 024 |
1 |
|
|a 883929173303
|
| 028 |
4 |
2 |
|a 3000037058
|b Warner Home Video
|
| 028 |
4 |
2 |
|a 3000037057
|b Warner Home Video
|
| 028 |
4 |
2 |
|a 2000047352
|b Warner Home Video (disc 1)
|
| 028 |
4 |
2 |
|a 2000047353
|b Warner Home Video (disc 2)
|
| 028 |
4 |
2 |
|a 2000047354
|b Warner Home Video (disc 3)
|
| 028 |
4 |
2 |
|a 2000047355
|b Warner Home Video (disc 4)
|
| 028 |
4 |
2 |
|a 2000047356
|b Warner Home Video (disc 5)
|
| 035 |
|
|
|a (OCoLC)ocn727132631
|
| 035 |
|
|
|a (OCoLC)727132631
|
| 040 |
|
|
|a TEFMT
|c TEFMT
|d MR0
|d TEF
|d IVY
|d AML
|d VP@
|d UtOrBLW
|
| 041 |
1 |
|
|a eng
|j eng
|j fre
|h eng
|
| 049 |
|
|
|a TXAM
|
| 050 |
|
4 |
|a PN1992.77
|b .P748895 2011
|
| 082 |
0 |
4 |
|a 791.45/75
|2 22
|
| 090 |
|
|
|a PN1992.77.P645
|b P74 2011
|
| 130 |
0 |
|
|a Pretty little liars (Television program).
|n Season 1.
|
| 245 |
1 |
0 |
|a Pretty little liars.
|n The complete first season /
|c Warner Bros. Entertainment Inc. ; developed by I. Marlene King.
|
| 246 |
3 |
|
|a Pretty little liars.
|n Season 1
|
| 264 |
|
2 |
|a Burbank, CA :
|b Distributed by Warner Home Video,
|c [2011]
|
| 300 |
|
|
|a 5 videodiscs (963 min.) :
|b sound, color ;
|c 4 3/4 in. +
|e 1 booklet.
|
| 336 |
|
|
|a two-dimensional moving image
|b tdi
|2 rdacontent
|
| 337 |
|
|
|a video
|b v
|2 rdamedia
|
| 338 |
|
|
|a videodisc
|b vd
|2 rdacarrier
|
| 538 |
|
|
|a DVD ; NTSC ; Dolby digital 5.1 surround ; widescreen presentation ; dual layer format.
|
| 546 |
|
|
|a In English, with optional subtitles in English or French; English subtitles for the deaf and hard of hearing.
|
| 500 |
|
|
|a Title from container.
|
| 511 |
1 |
|
|a Troian Bellisario, Ashley Benson, Holly Marie Combs, Lucy Hale, Ian Harding, Bianca Lawson, Laura Leighton, Chad Lowe, Shay Mitchell, Sasha Pieterse.
|
| 500 |
|
|
|a Based upon the series of books by Sara Shepard.
|
| 500 |
|
|
|a DVD release of episodes originally broadcast on television in 2010-2011.
|
| 521 |
8 |
|
|a MPAA rating: Not rated.
|
| 520 |
|
|
|a Four friends band together against an anonymous foe who threatens to reveal their darkest secrets.
|
| 505 |
0 |
0 |
|g Disc one.
|t Pilot ;
|t The Jenna thing ;
|t To kill a mocking girl ;
|t Can you hear me now? ;
|t Reality bites me --
|g Disc two.
|t There's no place like homecoming ;
|t The homecoming hangover ;
|t Please, do talk about me when I'm gone ;
|t The perfect storm ;
|t Keep your friends close --
|g Disc three.
|t Moments later ;
|t Salt meets wound ;
|t Know your frenemies ;
|t Carefulo what u wish 4 ;
|t If at first you don't succeed, lie, lie again --
|t Disc four. Je suis une amie ;
|t The new normal ;
|t The badass seed ;
|t A person of interest ;
|t Someone to watch over me --
|g Disc five.
|t Monsters in the end ;
|t For whom the bells toll ;
|g Special features.
|
| 500 |
|
|
|a Special features: Pretty little liars: two truths and a lie; It all started with a little lie; Little secrets from the set; unaired scenes.
|
| 500 |
|
|
|a Videorecording.
|
| 650 |
|
0 |
|a Friendship
|v Drama.
|
| 650 |
|
0 |
|a Secrecy
|v Drama.
|
| 650 |
|
0 |
|a Conduct of life
|v Drama.
|
| 650 |
|
0 |
|a High schools
|v Drama.
|
| 655 |
|
7 |
|a Detective and mystery television programs.
|2 lcgft
|
| 655 |
|
7 |
|a Television programs.
|2 lcgft
|
| 655 |
|
7 |
|a Television series.
|2 lcgft
|
| 655 |
|
7 |
|a Fiction television programs.
|2 lcgft
|
| 655 |
|
7 |
|a Television adaptations.
|2 lcgft
|
| 655 |
|
7 |
|a Video recordings for the hearing impaired.
|2 lcgft
|
| 700 |
1 |
|
|a King, I. Marlene.
|
| 700 |
1 |
|
|a Bellisario, Troian,
|d 1985-
|
| 700 |
1 |
|
|a Benson, Ashley,
|d 1989-
|
| 700 |
1 |
|
|a Combs, Holly Marie.
|
| 700 |
1 |
|
|a Hale, Lucy,
|d 1989-
|
| 700 |
1 |
|
|a Harding, Ian,
|d 1986-
|
| 700 |
1 |
|
|a Lawson, Bianca,
|d 1979-
|
| 700 |
1 |
|
|a Leighton, Laura,
|d 1968-
|
| 700 |
1 |
|
|a Lowe, Chad,
|d 1968-
|
| 700 |
1 |
|
|a Mitchell, Shay.
|
| 700 |
1 |
|
|a Pieterse, Sasha,
|d 1996-
|
| 700 |
1 |
|
|a Shepard, Sara,
|d 1977-
|t Pretty little liars.
|
| 710 |
2 |
|
|a Warner Bros. Entertainment.
|
| 710 |
2 |
|
|a Warner Home Video (Firm)
|
| 994 |
|
|
|a C0
|b TXA
|
| 948 |
|
|
|a cataloged
|b h
|c 2011/9/23
|d c
|e blrosas
|f 11:26:23 am
|
| 999 |
|
|
|a MARS
|
| 999 |
f |
f |
|s 3e1bab24-b867-34d3-8641-728b29d95a1e
|i 4faaacea-ee82-36ef-9406-689c44b2473e
|t 0
|
| 952 |
f |
f |
|p dvd
|a Texas A&M University
|b College Station
|c Sterling C. Evans Library
|d Evans: Media and Reserves (Annex 1st floor)
|t 0
|e PN1992.77.P645 P74 2011
|h Library of Congress classification
|i video -- videodisc
|m A14841184828
|
| 998 |
f |
f |
|a PN1992.77.P645 P74 2011
|t 0
|l Evans: Media and Reserves (Annex 1st floor)
|